000 00680nam a22002417a 4500
001 99183
003 UA-OsUOA
005 20210505073649.0
007 ta
008 20130424b un ||||| |||| 00| 0 ukr d
040 _aUA-OsUOA
_bukr
_cUA-OsUOA
_dUA-OsUOA
041 _aukr
080 _a821.161.1
090 _a821.161.1
_bТ530
100 _aТолстой О.
245 _aВибране
260 _aК.
_bХудожня література
_c1949
300 _a385 с.
650 7 _a82 Література. Літературознавство
_2UDC
942 _cBK
_2udc
955 _a3
999 _c385302
_d385302